[Event "Tarragona-ch"]
[Site "Tarragona"]
[Date "2003.??.??"]
[Round "8"]
[White "Delgado Fabregas, Antonio"]
[Black "Duart Fernandez, Juan Antonio"]
[Result "0-1"]
[WhiteElo "1950"]
[BlackElo "1960"]
[PlyCount "106"]
[EventDate "2003.??.??"]
[EventType "swiss"]
[EventRounds "9"]
[EventCountry "ESP"]
[SourceTitle "EXT 2007"]
[Source "ChessBase"]
[SourceDate "2006.11.23"]
[SourceVersion "1"]
[SourceVersionDate "2006.11.23"]
[SourceQuality "1"]

1. Nf3 Nf6 2. d4 g6 3. c4 Bg7 4. Nc3 0-0 5. e4 d6 6. Bd3 e5 7. d5 Na6 8. a3 Nc5 9. Bc2 a5 10. Bg5 h6 11. Be3 b6 12. 0-0 Ng4 13. Bxc5 bxc5 14. h3 Nf6 15. Rb1 Rb8 16. Nd2 Nh5 17. Ne2 Nf4 18. Nf3 f5 19. Nxf4 exf4 20. exf5 Bxf5 21. Bxf5 Rxf5 22. Qe2 Be5 23. g4 fxg3 24. Nxe5 Rxe5 25. Qg4 gxf2+ 26. Kh2 Qf6 27. Qg3 Rf8 28. b4 axb4 29. axb4 Rf5 30. bxc5 Rf3 31. Qg4 Qe5+ 32. Kh1 Kg7 33. cxd6 Qxd6 34. Rb2 R8f4 35. Qe6 Qxe6 36. dxe6 Rxh3+ 37. Kg2 Re3 38. Rb7 Rg4+ 39. Kxf2 Rxe6 40. Rxc7+ Kf6 41. Rd1 Rge4 42. Rd2 Re7 43. Rd6+ R4e6 44. Rxe6+ Kxe6 45. Rc6+ Kf5 46. Kf3 Re1 47. Rc5+ Re5 48. Rc6 h5 49. c5 Re1 50. Rc8 Rc1 51. c6 Rc3+ 52. Kf2 Kg4 53. c7 g5 0-1

[Event "Tarragona-ch"]
[Site "Tarragona"]
[Date "2003.??.??"]
[Round "5"]
[White "Delgado Fabregas, Antonio"]
[Black "Martinez Llobet, Joan"]
[Result "0-1"]
[WhiteElo "1950"]
[BlackElo "1950"]
[PlyCount "110"]
[EventDate "2003.??.??"]
[EventType "swiss"]
[EventRounds "9"]
[EventCountry "ESP"]
[SourceTitle "EXT 2007"]
[Source "ChessBase"]
[SourceDate "2006.11.23"]
[SourceVersion "1"]
[SourceVersionDate "2006.11.23"]
[SourceQuality "1"]

1. Nf3 Nc6 2. d4 d5 3. c4 e6 4. Nc3 Nf6 5. Bg5 Be7 6. e3 0-0 7. a3 h6 8. Bh4 Ne4 9. Bxe7 Nxc3 10. Bxd8 Nxd1 11. Bxc7 Nxb2 12. cxd5 exd5 13. Be2 Bf5 14. 0-0 Rfe8 15. Rfc1 Rac8 16. Bd6 Na5 17. Nd2 f6 18. Bb4 Nac4 19. Bf3 Be6 20. Nxc4 Nxc4 21. h3 Nb6 22. Bc5 Rc6 23. Bxb6 Rxb6 24. Rc7 Kf8 25. Rac1 Re7 26. R7c5 Rd7 27. Bh5 Ke7 28. Bd1 Rdd6 29. Ba4 Bd7 30. Bxd7 Rxd7 31. Kf1 Ra6 32. R1c3 h5 33. Ke2 g5 34. g3 f5 35. Kf3 Kd6 36. g4 fxg4+ 37. hxg4 Rf7+ 38. Kg3 h4+ 39. Kg2 Rb6 40. Rc2 Rb1 41. e4 dxe4 42. Rxg5 Rd1 43. Rh5 Rxd4 44. Rxh4 Rd3 45. a4 Ke5 46. Rc5+ Kd6 47. Rb5 Rd2 48. Rh6+ Kc7 49. Rf5 Rxf5 50. gxf5 e3 51. f6 Rxf2+ 52. Kg1 Rf5 53. Rh7+ Kb6 54. f7 e2 55. Rh6+ Ka5 0-1